[Event "Asuncion CIT op"]
[Site "Asuncion"]
[Date "2023.08.17"]
[Round "8"]
[White "De Dovitiis, Alejo"]
[Black "Escobar, Lautaro Exequiel"]
[Result "1-0"]
[WhiteElo "2274"]
[BlackElo "1675"]
[PlyCount "111"]
[EventDate "2023.08.12"]
[EventType "swiss"]
[EventRounds "9"]
[EventCountry "PAR"]
[SourceTitle "CBM 215 Extra"]
[Source "ChessBase"]
[SourceDate "2023.09.30"]
[SourceVersion "1"]
[SourceVersionDate "2023.09.30"]
[SourceQuality "1"]

1. Nf3 d5 2. b3 Nf6 3. Bb2 e6 4. e3 Be7 5. c4 0-0 6. Be2 c6 7. 0-0 Nbd7 8. Nc3 b6 9. d4 Bb7 10. Qc2 Rc8 11. Rad1 c5 12. dxc5 Bxc5 13. Qb1 Qe7 14. cxd5 Nxd5 15. Ne4 N5f6 16. Nxc5 Qxc5 17. Rd2 Be4 18. Qa1 Qe7 19. Rc1 Bb7 20. Rcd1 a6 21. h3 Rc7 22. Ne5 Nc5 23. Ba3 Nfe4 24. Rd4 Qh4 25. Rf1 Rd8 26. f3 Qg5 27. Rxd8+ Qxd8 28. fxe4 Nxe4 29. Qd4 Qxd4 30. exd4 f6 31. Bc4 g6 32. Bxe6+ Kg7 33. Nf3 f5 34. Rc1 Nc3 35. Kh2 Kf6 36. Bb2 Kxe6 37. Rxc3 Rxc3 38. Bxc3 h6 39. h4 Be4 40. Bd2 Bb1 41. a3 h5 42. Ne5 f4 43. Bxf4 Kd5 44. Nc4 b5 45. Nd2 Bc2 46. Be3 Ke6 47. Kg3 Kf5 48. b4 Bd3 49. Kf3 Bc2 50. Bf4 Bd1+ 51. Ke3 Bc2 52. d5 Kg4 53. g3 Bf5 54. Nb3 Bc8 55. Nc5 Kf5 56. d6 1-0

[Event "ARG-ch sf 98th"]
[Site "Buenos Aires"]
[Date "2023.05.05"]
[Round "7"]
[White "Senestraro, Lucas"]
[Black "Escobar, Lautaro Exequiel"]
[Result "0-1"]
[WhiteElo "1731"]
[BlackElo "1629"]
[PlyCount "35"]
[EventDate "2023.04.29"]
[EventType "swiss"]
[EventRounds "9"]
[EventCountry "ARG"]
[SourceTitle "CBM 214 Extra"]
[Source "ChessBase"]
[SourceDate "2023.07.31"]
[SourceVersion "1"]
[SourceVersionDate "2023.07.31"]
[SourceQuality "1"]

1. d4 d5 2. Nf3 Nf6 3. c4 e6 4. Nc3 Be7 5. cxd5 exd5 6. Bg5 c6 7. Qc2 a5 8. e3 Na6 9. a3 Nc7 10. Bd3 Ne6 11. Bh4 g6 12. 0-0 0-0 13. Rab1 c5 14. dxc5 Nxc5 15. Nd4 Nxd3 16. Qxd3 Be6 17. Rfd1 Ng4 18. Bg3 0-1